000 00568nam a22001937a 4500
005 20250225121324.0
010 _aENG-143900
020 _c350.00
_a9789390663293
035 _aEN-127432
037 _bDBAD/PUB
082 _a881
100 _aPunya
_978661
245 _aMy Echoing Heart Collection of Poems/
_cPunya devi
_hEnglish
250 _a1
260 _aGuruGram
_bGlobal Fraternity of Poet
_c2007
270 _bGuruGram
_aH-23/16,DLF Phase -1 Haryana
_e122002
_k7015676289
300 _a121pg.
_c22cm(pbk)
942 _2ddc
_cEN
_h881
_mPUN
999 _c209721
_d209721